Представление документа в формате MARC21

Поле Инд. ПП Название Значение
Тип записи a
Библиографический уровень m
001 Контрольный номер RU/IS/BASE/372431660
005 Дата корректировки 20140703200145.3
040 a Служба первич. каталог. НБ ТвГУ
b Код языка каталог. rus
e Правила каталог. PSBO
041 0_ a Код языка текста rus
080 a Индекс УДК 811.111'42(043.3)
084 a Индекс другой классификации/Индекс ББК Ш143.21-227.4я031
084 a Индекс другой классификации/Индекс ББК Ш143.21-7я031
090 a Полочн. индекс Ш143.21
x Авторский знак П 12
100 1_ a Автор Павленко Людмила Владимировна
q Полное имя Павленко Л. В.
245 10 a Заглавие Дискурсивный акт "подхват" в английской диалогической речи (на материале современной художественной прозы)
b Продолж. заглавия автореф. дис. ... к.ф.н. : 10.02.04
c Ответственность Одес. нац. ун-т им. И. И. Мечникова
260 a Место издания Одесса
b Издательство б. и.
c Дата издания 2011
300 a Объем 20 с.
500 a Примечание На правах рукоп.
504 a Библиография Библиогр.: с. 16-17 (12 назв.) и в подстроч. примеч.
653 a Ключевые слова Авторефераты
a Ключевые слова Анализ дискурса
a Ключевые слова Английский язык
a Ключевые слова Диалогическая речь
a Ключевые слова Дискурс
a Ключевые слова Лингвистика текста
a Ключевые слова Лингвистическая стилистика
a Ключевые слова Речь
a Ключевые слова Стилистика английского языка
a Ключевые слова Языкознание
901 t Тип документа m
920 a Оператор Густ
930 a Новая/Ретро авторефераты
952 c Вид литературы А/Р н
954 a Дата поступления на обработку 20111020